Ferdinand de saussure : genesis y evolucion de su pensamiento en el marco de la lingüistica /

Guardado en:
Autor Principal: Koerner, E. F. Konrad
Formato: Libro
Publicado: Madrid : Gredos, 1982
Series:Bibl.romanica Hispanica
Materias:
Etiquetas: Agregar Etiqueta
Sin Etiquetas, Sea el primero en etiquetar este registro!
LEADER 00636nam a22001815a 4500
001 EHU.bham004530
003 AR-BHAM
005 20070307172128.0
008 130507s1982##################000#0#####d
082 4 0 |a 409 
100 1 |a Koerner, E. F. Konrad 
245 1 0 |a Ferdinand de saussure :  |b genesis y evolucion de su pensamiento en el marco de la lingüistica /  |c E. F. Konrad Koerner. 
260 |a Madrid :  |b Gredos,  |c 1982 
300 |a 532 p. 
490 0 |a Bibl.romanica Hispanica 
653 |a Linguistica-historia de la 
653 |a Libro de escasa demanda 
859 |a AR-BHAM  |b BIB. HUMANIDADES - Lectura de escasa demanda  |h 409  |i K819  |p 5.85  |t Ej.1  |v LED1449